000 01016nam0a22002771 4500
001 rc\3719455
005 20250610103422.0
021 _aRU
_b[71-85694]
035 _a(NLR Aleph) 007860931
090 _a7799875
_c7799875
100 _a20130115d1971 |||y0rusy50 ca
101 0 _arus
102 _aRU
105 _ay z |||||
200 1 _aУверенной поступью
210 _aКишинев
_cКартя молдовеняскэ
_d1971
215 _a12 с.
_d20
225 1 _aЖивотноводы Молдавии - пятилетке
300 _aПеред загл. авт.: М. Секарэ, Герой Соц. Труда, доярка совхоза "Березовский" Ново-Анен. р-на
606 _aКрупный рогатый скот
_xУход и содержание
_yМолдавская ССР
_2psbo
700 1 _aСекарэ
_bМ.
_gМария
801 0 _aRU
_bNLR
_gpsbo
801 1 _aRU
_bELAR
_2rusmarc
852 _aNLR
_j71-4/23471
942 _cBOOK
980 _aNB